000 00637nam a2200229Ia 4500
003 OSt
005 20220928123920.0
006 a|||||r|||| 00| 0
007 ta
008 220927b |||||||| |||| 00| 0 eng d
024 _a36176
037 _cTextual
040 _aSDCL
_cSDCL
_beng
041 _2eng
_aeng
082 _aO152:g(S:55), M9
100 _aMishra Ashok Kumar
_9462227
245 0 _aPremaakhyan kavya mein bhartiya sanskriti.
260 _aNew Delhi
_bRadha Publications
_c1989
300 _axv,223p.
_ccm.
942 _hO152:g(S:55), M9
_cTEXL
_2CC
999 _c775226
_d775226